000 00685nam a22002417a 4500
001 60204
003 UA-OsUOA
005 20210324102143.0
007 ta
008 20090508b un ||||| |||| 00| 0 ukr d
020 _a9662923144
040 _aUA-OsUOA
_bukr
_cUA-OsUOA
_dUA-OsUOA
041 _aukr
080 _a76(091)(477)"19"
090 _a76(091)(477)"19"
_bЛ14
100 _aЛагутенко О.
245 _aУкраїнська графіка першої третини ХХ століття
260 _aК.
_bГраніт-Т
_c2006
300 _a240 с.
650 7 _a76 Графічні мистецтва. Графіка
_2UDC
942 _cBK
_2udc
955 _a2
999 _c346536
_d346536